Prologue Star Wars II - Statistiques

Statistiques générales
  • Ce quiz a été pris 148 fois
  • Le résultat moyen est 42 sur 78
Statistiques - réponses
Réponse % Correct
à
98%
à
98%
à
98%
L'
97%
l'
97%
d'
90%
la
89%
la
89%
la
89%
La
89%
la
89%
la
89%
le
89%
Jedi,
85%
Jedi
85%
de
84%
de
84%
de
84%
de
84%
les
77%
les
77%
Sénat
75%
Sénat
75%
République.
70%
République
70%
un
70%
une
66%
pour
63%
Amidala,
62%
sénatrice
61%
armée
60%
séparatiste
60%
au
59%
au
59%
Dooku,
59%
Naboo,
59%
Des
58%
Comte
56%
et
56%
Galactique.
56%
Galactique
56%
Chevaliers
55%
du
55%
en
54%
reine
54%
galaxie.
52%
par
52%
dans
51%
ce
47%
aider
44%
création
44%
sur
43%
vote
42%
ancienne
39%
paix
34%
mené
30%
ont
29%
ont
29%
ordre
28%
débordés...
25%
nombre
25%
systèmes
25%
participer
24%
règne
24%
mal
22%
mouvement
22%
leur
19%
milliers
17%
crucial
16%
maintenir
16%
quitter
16%
revient
16%
agitation
15%
limité,
15%
intention
11%
solaires
11%
annoncé
10%
Confrontés
10%
Aucun quiz correspondant
Distribution des résultats
% des personnes avec chaque résultat
Percentile par nombre de réponses
Votre historique - résultats
Vous n’avez pas pris ce quiz